El peronismo : 1974-2001 /

La muerte de Perón y el golpe de Estado de 1976 provocaron un cambio en el peronismo. La lucha entre las distintas facciones de este movimiento, característica de los años anteriores, se apaciguó en pos de mantenerse unidas y resistir el terrorismo de Estado. Con el regreso a la democracia, se suced...

Descripción completa

Guardado en:
Autor Principal: Flax, Emanuel
Autor Corporativo: Canal Encuentro.
Formato: Deslizar
Publicado: Argentina, 2011
Series:Historia de los partidos políticos
Materias:
Etiquetas: Agregar Etiqueta
Sin Etiquetas, Sea el primero en etiquetar este registro!
LEADER 01371ngm a22003495g 4500
001 CEM.cems023581
008 130507s2011##################0###0#####d
005 20250609162939.0
245 1 0 |a El peronismo :  |b 1974-2001 /  |c Emanuel Flax. 
260 |a Argentina,  |c 2011 
300 |a 28'. 
490 0 |a Historia de los partidos políticos 
520 |a La muerte de Perón y el golpe de Estado de 1976 provocaron un cambio en el peronismo. La lucha entre las distintas facciones de este movimiento, característica de los años anteriores, se apaciguó en pos de mantenerse unidas y resistir el terrorismo de Estado. Con el regreso a la democracia, se suceden varios intentos de rearticulación de las fuerzas peronistas: la Renovación, el menemismo, el kirchnerismo. 
500 |a Consultar en ventanilla. 
538 |a Soporte: DVD - Color: Si - Grabación DRD 
100 1 |a Flax, Emanuel 
710 2 |a Canal Encuentro. 
082 9 8 |/ FLA 
653 |a HISTORIA 
653 |a HISTORIA ARGENTINA 
653 |a PARTIDOS POLITICOS 
653 |a PERON 
653 |a ISABEL 
653 |a MENEM 
653 |a MENEMISMO 
653 |a KIRCHNER, NESTOR 
653 |a KIRCHNERISMO 
653 |a TRIPLE A 
653 |a MONTONEROS 
653 |a SERIE DE TELEVISIÓN 
653 |a DOCUMENTAL 
859 |a CEMS  |b BIB. CEMS - Depto. Recursos Didacticos  |h 982  |i FLA  |k DRD  |p 2224.15  |t Ej.1